Pastas - Sudden Death - Statistics

General Stats
  • This quiz has been taken 348 times
  • The average score is 12 of 20
Answers on the Grid
Answers color-coded by a green-red scale on the quiz's grid according to % correct below.
Penne
Gnocchi
Lasagna
Ziti
Linguine
Manicotti
Cavatappi
Farfalle
Campanelle
Radiatori
Gemelli
Rotini
Fusili
Sacchettoni
Bucatini
Vermicelli
Rotelle
Capellini
Fettucine
Fiumicino
Ravioli
Civitavecchia
Mazzocchi
Treviso
Mascarpone
Cosenza
Cremona
Ragusa
Trieste
Marsala
Viareggio
Pozzuoli
 
Answer Stats
Answer % Correct
Penne
94%
Lasagna
92%
Ravioli
92%
Fettucine
90%
Linguine
88%
Gnocchi
84%
Fusili
81%
Farfalle
79%
Capellini
64%
Vermicelli
64%
Ziti
62%
Rotini
55%
Bucatini
47%
Rotelle
46%
Manicotti
38%
Campanelle
36%
Cavatappi
33%
Sacchettoni
28%
Gemelli
24%
Radiatori
19%
No matching quizzes found
Score Distribution
Percent of People with Each Score
Percentile by Number Answered
Your Score History
You have not taken this quiz